Представление документа в формате MARC21

ПолеНазваниеЗначение
  Тип записи a
  Библиографический уровень m
001 Контрольный номер RU\infra-m\znanium\bibl\2194951
005 Дата корректировки 20260429142120.7
008 Кодируемые данные 250716s2025 RU g rus u
020 Индекс ISBN __
a ISBN 978-5-907830-65-3
040 Источник каталогиз. __
a Служба первич. каталог. Общество с ограниченной ответственностью «ЗНАНИУМ»
041 Код языка издания __
a Код языка текста rus
044 Код страны публикации __
a Код страны публикации RU
080 Индекс УДК __
a Индекс УДК 701
080 Индекс УДК __
a Индекс УДК 747
080 Индекс УДК __
a Индекс УДК 76
084 Индекс другой классификации/Индекс ББК __
2 Источник индекса rubbk
a Индекс другой классификации/Индекс ББК 744
084 Индекс другой классификации/Индекс ББК __
2 Источник индекса rubbk
a Индекс другой классификации/Индекс ББК 8511
084 Индекс другой классификации/Индекс ББК __
2 Источник индекса okso
a Индекс другой классификации/Индекс ББК 07.03.03
084 Индекс другой классификации/Индекс ББК __
2 Источник индекса okso
a Индекс другой классификации/Индекс ББК 54.03.01
100 Автор __
a Автор Голованова М.М.
q Полное имя Голованова Марина Михайловна
u Дополнение Донской государственный технический университет
245 Заглавие __
a Заглавие Вопросы современного дизайн-образования
b Продолж. заглавия Монография
c Ответственность Донской государственный технический университет; Южный федеральный университет; Уфимский Университет Науки и Технологий; Воронежский государственный технический университет; Донской государственный технический университет
250 Сведения об издании __
a Основные сведения об издании 1
260 Выходные данные __
a Место издания Чебоксары
b Издательство ООО "Издательский дом "Среда"
c Дата издания 2024
300 Физическое описание __
a Объем 173 с.
520 Аннотация __
a Аннотация Монография подготовлена для профессионалов индустрии дизайна искусства обучающихся художественных и дизайнерских вузов. Монография посвящена дизайн-образованию - теория практика опыт профессиональной подготовки в вузе объединяет в себе качества научного исследования практического пособия содержит методические рекомендации и разработки для педагогической деятельности на этапе внедрения новых образовательных реформ. Работа может быть полезна для изучения теории и практики дизайн-образования вопросов искусства проблем профессиональной педагогики и инноваций в творческой деятельности. Среди авторов монографии - опытные педагоги практики теоретики и учёные члены Союза Дизайнеров члены Союза Художников члены Творческого Союза художников увлечённые разработкой новых методов проектов и внедрением новых технологий в дизайн-образование высшей школы.
521 Примеч. о цел. назн. __
a Примеч. о целев. назн. Дополнительное образование
650 Тематические рубрики __
a Основная рубрика Архитектура. Искусство
x Основная подрубрика Дизайн
655 Указ. предметных рубрик (устаревшее) __
a Жанр/ форма (устаревшее) Монография
700 Другие авторы __
a Другие авторы Плотникова М.Г.
q Полное имя Плотникова Марина Геннадьевна
u Дополнение Донской государственный технический университет
700 Другие авторы __
a Другие авторы Горячева Е.А.
q Полное имя Горячева Елена Анатольевна
u Дополнение Донской государственный технический университет
700 Другие авторы __
a Другие авторы Жиляева О.М.
q Полное имя Жиляева Оксана Михайловна
u Дополнение Донской государственный технический университет, ф-л Технологический институт сервиса в г. Ставрополь
700 Другие авторы __
a Другие авторы Рамазанова Т.М.
q Полное имя Рамазанова Тамам Магомедовна
u Дополнение Донской государственный технический университет
700 Другие авторы __
a Другие авторы Чалая А.В.
q Полное имя Чалая Алина Владимировна
u Дополнение Донской государственный технический университет
700 Другие авторы __
a Другие авторы Климова Л.А.
q Полное имя Климова Лариса Андреевна
u Дополнение Донской государственный технический университет, ф-л Технологический институт сервиса в г. Ставрополь
700 Другие авторы __
a Другие авторы Шепилова В.А.
q Полное имя Шепилова Вера Анатольевна
u Дополнение Донской государственный технический университет
700 Другие авторы __
a Другие авторы Барсукова Н.И.
q Полное имя Барсукова Наталия Ивановна
u Дополнение Воронежский государственный технический университет
700 Другие авторы __
a Другие авторы Дейнека С.В.
q Полное имя Дейнека Светлана Валерьевна
700 Другие авторы __
a Другие авторы Пугач В.А.
q Полное имя Пугач Варвара Анатольевна
u Дополнение Южный федеральный университет
700 Другие авторы __
a Другие авторы Захарова Н.Ю.
q Полное имя Захарова Наталья Юрьевна
700 Другие авторы __
a Другие авторы Григорьев Е.Н.
q Полное имя Григорьев Евгений Николаевич
u Дополнение Уфимский Университет Науки и Технологий
700 Другие авторы __
a Другие авторы Хайбуллин А.Р.
q Полное имя Хайбуллин Айнур Рауфович
856 Электронный адрес документа 4_
a Имя сервера/домена znanium.ru
m Помощь ebs_support@infra-m.ru
n Местонахождение сервера НИЦ ИНФРА-М
u URL https://znanium.ru/catalog/document?id=460451
856 Электронный адрес документа 48
a Имя сервера/домена znanium.ru
d Путь /cover/2194
f Электронное имя 2194951.jpg
q Тип электронного формата image/jpeg
u URL https://znanium.ru/cover/2194/2194951.jpg
911 __
u 0030=https://znanium.ru/catalog/document?id=460451
911 __
u 712a=Южный федеральный университет
911 __
u 712a=Уфимский Университет Науки и Технологий
911 __
u 712a=Воронежский государственный технический университет
911 __
u 712a=Донской государственный технический университет